[Event "De Verteuil Memorial"]
[Site "Port of Spain"]
[Date "2008.09.25"]
[Round "6"]
[White "Yee, Frank"]
[Black "Cave, Christo"]
[Result "1-0"]
[WhiteElo "2111"]
[BlackElo "2250"]
[PlyCount "75"]
[EventDate "2008.08.21"]
[EventType "swiss"]
[EventRounds "7"]
[EventCountry "TRI"]
[SourceTitle "EXT 2023"]
[Source "ChessBase"]
[SourceDate "2022.10.05"]
[SourceVersion "1"]
[SourceVersionDate "2022.10.05"]
[SourceQuality "1"]

1. e4 e6 2. d4 d5 3. e5 c5 4. c3 Nc6 5. Nf3 f6 6. Bd3 f5 7. dxc5 Bxc5 8. b4 Be7 9. a3 Qc7 10. Qe2 Nh6 11. c4 dxc4 12. Bxc4 Nf7 13. Bb2 a6 14. 0-0 g5 15. Nbd2 g4 16. Nd4 Ng5 17. f4 Nxd4 18. Bxd4 Nf7 19. Rac1 Qd7 20. Nb3 0-0 21. Rfd1 Qe8 22. Nc5 Nd8 23. Qa2 Qg6 24. Bf2 Re8 25. Nd7 b5 26. Nb6 Bb7 27. Nxa8 Bxa8 28. Bb3 h5 29. Rc7 Bf3 30. Rdd7 Kf8 31. Bc5 Bxc5+ 32. bxc5 Bc6 33. Rxd8 Rxd8 34. Rxc6 g3 35. Rd6 Rxd6 36. cxd6 Qg4 37. Qd2 Qh4 38. hxg3 1-0

[Event "De Verteuil Memorial"]
[Site "Port of Spain"]
[Date "2008.08.28"]
[Round "2"]
[White "Cave, Christo"]
[Black "Paul, Jayson"]
[Result "1-0"]
[WhiteElo "2250"]
[BlackElo "1946"]
[PlyCount "87"]
[EventDate "2008.08.21"]
[EventType "swiss"]
[EventRounds "7"]
[EventCountry "TRI"]
[SourceTitle "EXT 2023"]
[Source "ChessBase"]
[SourceDate "2022.10.05"]
[SourceVersion "1"]
[SourceVersionDate "2022.10.05"]
[SourceQuality "1"]

1. e4 e6 2. c4 d5 3. cxd5 exd5 4. exd5 Qxd5 5. Nc3 Qd8 6. Bc4 Nf6 7. Qb3 Qd7 8. Nf3 Nc6 9. 0-0 Bd6 10. Re1+ Kf8 11. Nb5 Na5 12. Qc3 Nxc4 13. Qxc4 a6 14. Nxd6 Qxd6 15. Ng5 Qd5 16. Qxc7 Bd7 17. d4 Rc8 18. Qf4 h6 19. Nf3 Be6 20. Bd2 Kg8 21. Re5 Qd7 22. h3 Kh7 23. Qh4 Rhe8 24. Bxh6 gxh6 25. Qxf6 Rg8 26. Rh5 Rg6 27. Qf4 Qe7 28. d5 Rcg8 29. g3 Qc5 30. Kg2 Bxd5 31. Qxf7+ Bxf7 32. Rxc5 Be8 33. Ne5 Re6 34. f4 h5 35. Rc7+ Kh6 36. g4 Rc6 37. g5+ Rxg5+ 38. fxg5+ Kxg5 39. b3 Re6 40. Nf3+ Kf4 41. Re1 Rg6+ 42. Kf2 Rg8 43. Re5 Bc6 44. Rf7# 1-0

[Event "Olympiad-37"]
[Site "Turin"]
[Date "2006.05.22"]
[Round "2"]
[White "Al Saadi, Jumaa A Gatea"]
[Black "Cave, Christo"]
[Result "0-1"]
[WhiteElo "2080"]
[BlackElo "2254"]
[PlyCount "130"]
[EventDate "2006.05.21"]
[EventType "team-swiss"]
[EventRounds "13"]
[EventCountry "ITA"]
[SourceTitle "CBM 113"]
[Source "ChessBase"]
[SourceDate "2006.07.31"]
[SourceVersion "1"]
[SourceVersionDate "2006.07.31"]
[SourceQuality "1"]
[WhiteTeam "Iraq"]
[BlackTeam "Trinidad and Tobago"]
[WhiteTeamCountry "IRQ"]
[BlackTeamCountry "TRI"]

1. d4 Nf6 2. c3 g6 3. Bg5 Bg7 4. Nd2 d5 5. e3 0-0 6. Ngf3 c6 7. Bd3 Nbd7 8. 0-0 Re8 9. e4 dxe4 10. Nxe4 Nxe4 11. Bxe4 Qb6 12. Qc2 e5 13. dxe5 Nxe5 14. Nxe5 Rxe5 15. Be3 c5 16. Rad1 Bf5 17. Bxf5 Rxf5 18. b4 Bf8 19. Qe4 Qc7 20. Qc4 a6 21. g3 b5 22. Qe4 Rc8 23. Bf4 Qa7 24. Bd6 Bxd6 25. Rxd6 cxb4 26. cxb4 Kg7 27. Qe2 h5 28. Rfd1 Qa8 29. h4 Re8 30. Qb2+ Kh7 31. Qd4 Rfe5 32. Kh2 Re1 33. Qd5 Qxd5 34. R1xd5 R1e2 35. Rd2 R8e3 36. Kg2 Rxd2 37. Rxd2 Ra3 38. Kf1 Kg7 39. Kg2 Kf6 40. Kf1 Kf5 41. Kg2 Ra4 42. Rb2 f6 43. Kf3 Ra3+ 44. Kg2 Ke4 45. Rd2 Ra4 46. Rd6 Ke5 47. Rc6 Rxa2 48. Kf3 Ra3+ 49. Ke2 Rb3 50. Rxa6 Rxb4 51. Ra8 Rb2+ 52. Ke3 Kf5 53. Ra6 b4 54. Rb6 Rb1 55. f3 b3 56. Rb5+ Ke6 57. Kf4 Kd6 58. Rb8 Kd5 59. Rd8+ Kc4 60. Rc8+ Kd3 61. Rd8+ Ke2 62. Re8+ Kf2 63. Rb8 Rc1 64. Rb4 Rc3 65. Ke4 Rxf3 0-1

[Event "Olympiad-36"]
[Site "Mallorca"]
[Date "2004.10.28"]
[Round "13"]
[White "Theocharides, Constantinos"]
[Black "Cave, Christo"]
[Result "0-1"]
[WhiteElo "2115"]
[BlackElo "2276"]
[PlyCount "72"]
[EventDate "2004.10.15"]
[EventType "team-swiss"]
[EventRounds "14"]
[EventCountry "ESP"]
[SourceTitle "CBM 104"]
[Source "ChessBase"]
[SourceDate "2005.01.27"]
[SourceVersion "1"]
[SourceVersionDate "2005.01.27"]
[SourceQuality "1"]
[WhiteTeam "Cyprus"]
[BlackTeam "Trinidad and Tobago"]
[WhiteTeamCountry "CYP"]
[BlackTeamCountry "TRI"]

1. e4 e6 2. d3 d5 3. Nd2 c5 4. Ngf3 Nc6 5. g3 dxe4 6. dxe4 Nf6 7. Bg2 Be7 8. 0-0 0-0 9. e5 Nd5 10. c3 Qc7 11. Re1 Rd8 12. Qc2 b5 13. h4 Bb7 14. Nf1 Rd7 15. N1h2 b4 16. Ng5 Bxg5 17. hxg5 Nde7 18. Ng4 Rad8 19. Be4 Ng6 20. f4 Nce7 21. Nf2 Bxe4 22. Nxe4 bxc3 23. bxc3 Rd3 24. Ba3 Nf5 25. Kf2 c4 26. Rad1 Qc6 27. Rxd3 Rxd3 28. Qb1 Qa8 29. Qb5 Nxg3 30. Qxc4 Nxf4 31. Re3 Nh3+ 32. Kf3 Nxg5+ 33. Kf4 Nh5+ 34. Kxg5 Rxe3 35. Kxh5 Rxe4 36. Qc7 Rf4 0-1

[Event "Olympiad-36"]
[Site "Mallorca"]
[Date "2004.10.24"]
[Round "9"]
[White "Cave, Christo"]
[Black "Righi, Ezio"]
[Result "1-0"]
[WhiteElo "2276"]
[BlackElo "2129"]
[PlyCount "107"]
[EventDate "2004.10.15"]
[EventType "team-swiss"]
[EventRounds "14"]
[EventCountry "ESP"]
[SourceTitle "CBM 104"]
[Source "ChessBase"]
[SourceDate "2005.01.27"]
[SourceVersion "1"]
[SourceVersionDate "2005.01.27"]
[SourceQuality "1"]
[WhiteTeam "Trinidad and Tobago"]
[BlackTeam "San Marino"]
[WhiteTeamCountry "TRI"]
[BlackTeamCountry "SMR"]

1. e4 e5 2. Nf3 Nc6 3. Bc4 Bc5 4. c3 Nf6 5. 0-0 Qe7 6. d4 Bb6 7. Bg5 d6 8. d5 Nb8 9. h3 0-0 10. Nbd2 Rd8 11. Qe2 Nbd7 12. Rfe1 Nf8 13. Nf1 Ng6 14. Ng3 h6 15. Nf5 Bxf5 16. exf5 Nf8 17. Bh4 N8h7 18. Nd2 Qd7 19. Qf3 Re8 20. Ne4 Nxe4 21. Rxe4 f6 22. Rg4 Qf7 23. Bd3 Rac8 24. Be4 Kf8 25. a4 a5 26. Qd3 Qd7 27. Kh1 Ra8 28. Rg6 Ng5 29. Qe2 Nxe4 30. Qxe4 Qf7 31. Rd1 Rad8 32. Rd3 Ke7 33. Kg1 Rg8 34. Rdg3 Rde8 35. c4 h5 36. Qe2 c6 37. Rb3 Bc7 38. Rxb7 Kd7 39. Qd3 Rb8 40. Qb3 cxd5 41. cxd5 Rxb7 42. Qxb7 Rb8 43. Qc6+ Kd8 44. Qc3 Rb4 45. Qg3 Qxd5 46. Rxg7 Qd1+ 47. Kh2 Qxa4 48. Bxf6+ Kc8 49. Bg5 h4 50. Qd3 Qc6 51. Qe2 d5 52. Rg6 Qd7 53. Qa6+ Kb8 54. Rg8+ 1-0

[Event "Olympiad-36"]
[Site "Mallorca"]
[Date "2004.10.16"]
[Round "2"]
[White "Cave, Christo"]
[Black "Amer, Karim"]
[Result "0-1"]
[WhiteElo "2276"]
[BlackElo "2250"]
[PlyCount "142"]
[EventDate "2004.10.15"]
[EventType "team-swiss"]
[EventRounds "14"]
[EventCountry "ESP"]
[SourceTitle "CBM 104"]
[Source "ChessBase"]
[SourceDate "2005.01.27"]
[SourceVersion "1"]
[SourceVersionDate "2005.01.27"]
[SourceQuality "1"]
[WhiteTeam "Trinidad and Tobago"]
[BlackTeam "Pakistan"]
[WhiteTeamCountry "TRI"]
[BlackTeamCountry "PAK"]

1. e4 c5 2. Nf3 Nc6 3. d4 cxd4 4. Nxd4 Nf6 5. Nc3 e5 6. Nb3 Bb4 7. f3 d5 8. exd5 Nxd5 9. Bd2 Nxc3 10. bxc3 Bd6 11. Bd3 Qh4+ 12. g3 Qh3 13. Qe2 0-0 14. 0-0-0 a5 15. a4 Be6 16. Be3 Ba3+ 17. Kb1 Rfc8 18. Ka2 Bf8 19. g4 Qh4 20. Bc1 Ne7 21. Qxe5 Nd5 22. Bb2 Be7 23. c4 Bf6 24. Qe4 Nc3+ 25. Bxc3 Bxc3 26. f4 Bxg4 27. Rdg1 Bd7 28. Nd4 g6 29. Nf5 Bxf5 30. Qxf5 Bg7 31. Qe4 Re8 32. Qf3 Re7 33. Rb1 Rae8 34. f5 Qd4 35. Qd5 b6 36. fxg6 hxg6 37. h4 Rd8 38. Qxd4 Bxd4 39. Rbf1 Re5 40. Rf4 Be3 41. Rg4 Kf8 42. Rf1 Ke7 43. Kb3 Rd4 44. Rxd4 Bxd4 45. Rf4 Be3 46. Rf3 Bd2 47. Rf2 Be1 48. Rh2 Kf6 49. Rh1 Kg7 50. c5 bxc5 51. Kc4 Kh6 52. Rf1 f5 53. Rh1 Kh5 54. Kb5 Bxh4 55. Bc4 g5 56. Kxa5 g4 57. Kb5 f4 58. a5 g3 59. a6 g2 60. Rg1 f3 61. a7 Re8 62. Bf7+ Kh6 63. Bxe8 f2 64. Rxg2 f1Q+ 65. c4 Qxg2 66. Bc6 Qb2+ 67. Ka6 Bd8 68. Bb5 Qf6+ 69. Kb7 Qb6+ 70. Ka8 Qc7 71. Bd7 Bf6 0-1

[Event "Olympiad-35"]
[Site "Bled"]
[Date "2002.10.26"]
[Round "1.3"]
[White "Khruschiov, Alexey"]
[Black "Cave, Christo"]
[Result "1-0"]
[WhiteElo "2412"]
[BlackElo "2264"]
[PlyCount "95"]
[EventDate "2002.10.26"]
[EventType "team-swiss"]
[EventRounds "14"]
[EventCountry "SLO"]
[SourceTitle "EXT 2003"]
[Source "ChessBase"]
[SourceDate "2002.11.25"]
[SourceVersion "1"]
[SourceVersionDate "2002.11.25"]
[SourceQuality "1"]
[WhiteTeam "Moldova"]
[BlackTeam "Trinidad and Tobago"]
[WhiteTeamCountry "MDA"]
[BlackTeamCountry "TRI"]

1. e4 e6 2. d3 d5 3. Nd2 c5 4. g3 Nc6 5. Bg2 Nf6 6. Ngf3 Be7 7. 0-0 0-0 8. Re1 dxe4 9. dxe4 e5 10. c3 Qc7 11. Nf1 Rd8 12. Qc2 h6 13. Ne3 Be6 14. Nh4 Bf8 15. b3 b5 16. Bb2 c4 17. Rad1 cxb3 18. axb3 Na5 19. Nd5 Qc6 20. c4 bxc4 21. Qc3 Nxb3 22. Qxe5 Bg4 23. Nf5 Nxd5 24. Rxd5 Qe6 25. Ne3 Qxe5 26. Bxe5 Be6 27. Rb5 Nc5 28. Ra1 Nd3 29. Bc3 Rab8 30. Rxb8 Rxb8 31. Bd4 a5 32. Bf1 Bb4 33. f4 f6 34. Kg2 Rd8 35. Bb6 Rd6 36. Bc7 Rc6 37. Bd8 Ne1+ 38. Kf2 Nd3+ 39. Kf3 Rd6 40. Bc7 Rd7 41. Bb6 Ne1+ 42. Kf2 Rd2+ 43. Be2 Nc2 44. Nxc2 Rxc2 45. Ke3 Bh3 46. e5 fxe5 47. fxe5 Be6 48. Bf3 1-0

[Event "TRI-ch"]
[Site "Port of Spain"]
[Date "2002.06.02"]
[Round "6"]
[White "Cave, Christo"]
[Black "Ramsingh, Yogendranath"]
[Result "1/2-1/2"]
[WhiteElo "2280"]
[BlackElo "2201"]
[PlyCount "149"]
[EventDate "2002.05.18"]
[EventType "tourn"]
[EventRounds "11"]
[EventCountry "TRI"]
[SourceTitle "EXT 2015"]
[Source "ChessBase"]
[SourceDate "2014.11.20"]
[SourceVersion "1"]
[SourceVersionDate "2014.11.20"]
[SourceQuality "1"]

1. e4 c5 2. Nf3 Nc6 3. d4 cxd4 4. Nxd4 e5 5. Nb5 a6 6. Nd6+ Bxd6 7. Qxd6 Qf6 8. Qd1 Qg6 9. Nc3 Nge7 10. h4 h5 11. Rh3 Qg4 12. Rg3 Qxd1+ 13. Kxd1 d6 14. Bc4 b5 15. Bd5 Kf8 16. a4 b4 17. Bxc6 Nxc6 18. Nd5 Rb8 19. c3 Be6 20. Rd3 bxc3 21. bxc3 Na5 22. Kc2 Nc4 23. a5 Bd7 24. Nc7 Ke7 25. Nxa6 Ra8 26. Nc7 Rxa5 27. Rxa5 Nxa5 28. Rd5 Nb7 29. Rd2 Nc5 30. Nd5+ Ke6 31. f3 Ba4+ 32. Kb2 Rb8+ 33. Nb4 Bb3 34. Kb1 Bc4 35. Bb2 Na4 36. Kc2 g6 37. Ba3 Rc8 38. Nd5 Rc6 39. Bb4 Nc5 40. Ne3 Bb5 41. Kb2 f5 42. Bxc5 Rxc5 43. Kb3 f4 44. Nc2 Rc7 45. Nb4 Bc4+ 46. Kb2 Ra7 47. g3 Rf7 48. Rg2 fxg3 49. Rxg3 Rf6 50. Nc2 Be2 51. Ne1 Kf7 52. Kc2 Rf4 53. Rh3 Ke6 54. Kd2 Bf1 55. Rh1 Bc4 56. Ke3 d5 57. Rg1 dxe4 58. Rxg6+ Kf7 59. Rg5 Rxh4 60. fxe4 Rh3+ 61. Nf3 Be6 62. Kf2 Bg4 63. Nxe5+ Kf6 64. Rxg4 hxg4 65. Nxg4+ Ke6 66. Ke2 Rxc3 67. Kf2 Ra3 68. Kg2 Kf7 69. Kf2 Kg6 70. Ne3 Kg5 71. Nd5 Kg4 72. Ke2 Kg3 73. Nb4 Kf4 74. e5 Kxe5 75. Nd3+ 1/2-1/2

[Event "Olympiad-34"]
[Site "Istanbul"]
[Date "2000.11.06"]
[Round "9.1"]
[White "Cave, Christo"]
[Black "Williams, Leighton"]
[Result "0-1"]
[WhiteElo "2296"]
[BlackElo "2317"]
[PlyCount "98"]
[EventDate "2000.10.28"]
[EventType "team-swiss"]
[EventRounds "14"]
[EventCountry "TUR"]
[SourceTitle "EXT 2001"]
[Source "ChessBase"]
[SourceDate "2000.11.22"]
[SourceVersion "1"]
[SourceVersionDate "2000.11.22"]
[SourceQuality "1"]
[WhiteTeam "Trinidad and Tobago"]
[BlackTeam "Wales"]
[WhiteTeamCountry "TRI"]
[BlackTeamCountry "WLS"]

1. e4 c5 2. Nf3 e6 3. d4 cxd4 4. Nxd4 Qb6 5. Nb3 Qc7 6. Nc3 a6 7. Be3 b5 8. a3 Nf6 9. f4 d6 10. Be2 Bb7 11. Bf3 Nbd7 12. 0-0 e5 13. f5 h5 14. h3 h4 15. Qe2 Be7 16. Rfd1 Rc8 17. Rd2 Nb6 18. Na5 Ba8 19. Rad1 Na4 20. Nxa4 bxa4 21. Qxa6 0-0 22. Bb6 Qb8 23. Re1 Nd7 24. Bf2 Qxb2 25. Qd3 Rc3 26. Qe2 Rfc8 27. Rf1 Qxa3 28. Qb5 Nf6 29. Re1 Kh7 30. Rd3 Bd8 31. Nc4 R8xc4 32. Qxc4 Rxc4 33. Rxa3 Nxe4 34. Rb1 Bc6 35. Rb8 Be7 36. Rc8 d5 37. Ra2 Nc3 38. Ra1 e4 39. Bh5 Bb5 40. Ra8 Bc5 41. Bxf7 Ne2+ 42. Kf1 Ng3+ 43. Kg1 e3 44. Be1 Rf4 45. Bg6+ Kh6 46. Ba5 Nxf5 47. Bf7 Kh7 48. Rd8 e2+ 49. Kh2 Rf1 0-1

[Event "Olympiad-34"]
[Site "Istanbul"]
[Date "2000.10.31"]
[Round "4.1"]
[White "Ovezov, Artek"]
[Black "Cave, Christo"]
[Result "1-0"]
[WhiteElo "2366"]
[BlackElo "2296"]
[PlyCount "61"]
[EventDate "2000.10.28"]
[EventType "team-swiss"]
[EventRounds "14"]
[EventCountry "TUR"]
[SourceTitle "EXT 2001"]
[Source "ChessBase"]
[SourceDate "2000.11.22"]
[SourceVersion "1"]
[SourceVersionDate "2000.11.22"]
[SourceQuality "1"]
[WhiteTeam "Turkmenistan"]
[BlackTeam "Trinidad and Tobago"]
[WhiteTeamCountry "TKM"]
[BlackTeamCountry "TRI"]

1. d4 Nf6 2. c4 g6 3. Nc3 Bg7 4. g3 c5 5. Nf3 0-0 6. Bg2 d5 7. dxc5 dxc4 8. Qa4 Nd5 9. Qxc4 Nxc3 10. bxc3 Be6 11. Qb4 Nc6 12. Qa3 Bc4 13. Be3 e5 14. Nd2 Be6 15. Ne4 Qc7 16. 0-0 Bc4 17. Rfe1 f5 18. Nd6 Be6 19. Rab1 Rab8 20. Red1 f4 21. Bc1 h6 22. Qa4 fxg3 23. hxg3 Bd7 24. Qc4+ Kh7 25. Be3 Na5 26. Qh4 Bc6 27. Ne4 Rf5 28. g4 Bxe4 29. Bxe4 Rf4 30. Bxf4 exf4 31. Rd6 1-0

[Event "Caribbean op"]
[Site "Port of Spain"]
[Date "1999.01.17"]
[Round "8.6"]
[White "Cave, Christo"]
[Black "Sanchez Castillo, Sarai Carolina"]
[Result "0-1"]
[WhiteElo "2276"]
[BlackElo "2082"]
[PlyCount "60"]
[EventDate "1999.01.??"]
[EventType "swiss"]
[EventRounds "9"]
[EventCountry "TRI"]
[SourceTitle "EXT 2002"]
[Source "ChessBase"]
[SourceDate "2001.11.25"]
[SourceVersion "1"]
[SourceVersionDate "2001.11.25"]
[SourceQuality "1"]

1. e4 c5 2. Nf3 Nc6 3. d4 cxd4 4. Nxd4 e5 5. Nb5 a6 6. Nd6+ Bxd6 7. Qxd6 Qf6 8. Qd1 Qg6 9. Nc3 Nge7 10. h4 h5 11. Be3 d5 12. Nxd5 Nxd5 13. Qxd5 0-0 14. c3 Be6 15. Qd3 Rfd8 16. Qc2 Rac8 17. f3 b5 18. a4 Nd4 19. Bxd4 exd4 20. axb5 d3 21. Bxd3 Qg3+ 22. Ke2 Bc4 23. bxa6 Bxd3+ 24. Qxd3 Qxg2+ 25. Ke3 Rxd3+ 26. Kxd3 Qxf3+ 27. Kd2 Rd8+ 28. Kc2 Qxe4+ 29. Kb3 Rb8+ 30. Ka3 Qc2 0-1

[Event "Olympiad-33"]
[Site "Elista"]
[Date "1998.10.11"]
[Round "12.1"]
[White "Poddubnyi, Viktor"]
[Black "Cave, Christo"]
[Result "1-0"]
[WhiteElo "2290"]
[BlackElo "2205"]
[PlyCount "89"]
[EventDate "1998.09.29"]
[EventType "team-swiss"]
[EventRounds "13"]
[EventCountry "RUS"]
[SourceTitle "CBM 068"]
[Source "ChessBase"]
[SourceDate "1999.02.01"]
[SourceVersion "1"]
[SourceVersionDate "1999.02.01"]
[SourceQuality "1"]
[WhiteTeam "Russia IV"]
[BlackTeam "Trinidad and Tobago"]
[WhiteTeamCountry "RUS"]
[BlackTeamCountry "TRI"]

1. e4 e6 2. d4 d5 3. Nd2 Nf6 4. e5 Nfd7 5. Bd3 c5 6. c3 Nc6 7. Ne2 Be7 8. 0-0 cxd4 9. cxd4 0-0 10. f4 f5 11. Nf3 Qe8 12. h3 Qh5 13. Kh1 Kh8 14. Nh2 g6 15. Rg1 Nb4 16. Bb1 b6 17. a3 Nc6 18. Bd3 Bb7 19. Bd2 Rac8 20. Qf1 Qh4 21. g4 fxg4 22. hxg4 Ncxe5 23. dxe5 d4+ 24. Rg2 Nxe5 25. Nxd4 Qh3 26. Be2 Bxg2+ 27. Qxg2 Qxg2+ 28. Kxg2 Nc4 29. Bxc4 Rxc4 30. Bc3 Kg8 31. Nxe6 Rf7 32. g5 Re4 33. Re1 Rxe1 34. Bxe1 Bd6 35. Ng4 Bf8 36. Nf6+ Kh8 37. Bc3 Bg7 38. Kf3 h6 39. Nxg7 Kxg7 40. Ng4+ Kh7 41. Nxh6 Rd7 42. Ng4 Rd1 43. Ke4 Kg8 44. Ne5 Kh7 45. f5 1-0

[Event "Olympiad-33"]
[Site "Elista"]
[Date "1998.10.06"]
[Round "8.1"]
[White "Kanengoni, Arnold T"]
[Black "Cave, Christo"]
[Result "1/2-1/2"]
[WhiteElo "2215"]
[BlackElo "2205"]
[PlyCount "52"]
[EventDate "1998.09.29"]
[EventType "team-swiss"]
[EventRounds "13"]
[EventCountry "RUS"]
[SourceTitle "CBM 068"]
[Source "ChessBase"]
[SourceDate "1999.02.01"]
[SourceVersion "1"]
[SourceVersionDate "1999.02.01"]
[SourceQuality "1"]
[WhiteTeam "Zimbabwe"]
[BlackTeam "Trinidad and Tobago"]
[WhiteTeamCountry "ZIM"]
[BlackTeamCountry "TRI"]

1. d4 Nf6 2. c4 c5 3. d5 b5 4. a4 bxc4 5. Nc3 d6 6. e4 Ba6 7. Nf3 Nbd7 8. Be2 Rb8 9. 0-0 g6 10. h3 Bg7 11. Qc2 0-0 12. Nd1 Qc7 13. Ne3 Qb7 14. Bxc4 Nh5 15. Ng4 Bxc4 16. Qxc4 Qb3 17. Qe2 Rb4 18. Nd2 Qc2 19. Ne3 Rxe4 20. Qb5 Rxe3 21. fxe3 Ng3 22. Qxd7 Ne2+ 23. Kh1 Ng3+ 24. Kg1 Ne2+ 25. Kh1 Ng3+ 26. Kg1 Ne2+ 1/2-1/2